000
00212 a2200097 4500
001
10064
100
_a
Lewis, j.W.
245
_a
Leadership in communist china
260
_a
_b
Cornell pub
_c
090
_c
7816
_d
7816
942
_a
NUST-CAE
_c
M
_c
34507
999
_c
245137
_d
245137